000 01330aab a2200241 i 4500
001 768714001
003 CO-MdFUSB
005 20240805094320.0
008 240805t1996 -us||||| |||| 00| 0 eng d
040 _bspa
_cCO-MdFUSB
041 _aeng
100 1 _aHoyle, Lydia Huffman
_eautor
245 0 0 _aNineteenth-century single women and motivation for mission
_c/ Lydia Huffman Hoyle
520 _aLas principales juntas misioneras del siglo XIX recibieron numerosas cartas de mujeres que estaban listas para ser enviadas a "los lugares más remotos del mundo" para el Evangelio, como se menciona en este documento, pero hasta después de la Guerra Civil, las juntas rechazaron a la gran mayoría de las mujeres solteras que se postularon. Así, las mujeres solteras a las que se les negó el nombramiento en puestos como la India o Ceilán fueron reclutadas con alegría y enviadas a los territorios occidentales.
546 _aTexto en inglés.
650 0 _aEvangelización
_9362
650 7 _aMisioneros
_9931
650 0 _aMujeres
_xAspectos religiosos
_xCristianismo
_9326
650 0 _aCristianismo
_x Historia
_ySiglo XIX
_91231
773 0 _tInternational Bulletin
_049483
_961011
_gVolumen 20, (número 2, 1996), páginas: 58 - 64
_qpágina: 58
942 _cANA
945 _aCatherine Arias Álvarez - Practicante SENA
999 _c57404
_d57404